000 00952nam a22002177a 4500
001 EIF-IX-2016-M9-002
003 OSt
005 20221228091203.0
008 221228b |||||||| |||| 00| 0 eng d
040 _aFundación Jesús Pereda
_cFundación Jesús Pereda
041 _aCastellano
100 _uUniversitat de València
_aÁlvarez Rodrigo, Álvaro
_9300
111 _aEncuentro de Investigadores del Franquismo
_c(Granada
_d2016.
_n9º)
_9101
245 _aProtagonismo e identidad femenina en el discurso de las mujeres de Acción Católica durante el primer franquismo
_c/Álvaro Álvarez Rodrigo
610 0 _9301
_aAcción Católica Española (A.C.E)
650 0 _9134
_aEstudio de género
650 0 _9123
_aPrimer franquismo
773 _tActas del IX Encuentro de Investigadores del Franquismo
_g406-414 p.
856 _uhttps://bibliotecaccoocyl.fundacionjesuspereda.es/cgi-bin/koha/opac-retrieve-file.pl?id=63807669f913529ade07602fed5cdc86
942 _2ddc
_cCF
_n0
999 _c561
_d561